El corsario negro
محفوظ في:
| المؤلف الرئيسي: | |
|---|---|
| التنسيق: | كتاب |
| اللغة: | الإسبانية |
| منشور في: |
Bogotá
Oveja Negra
1984
|
| سلاسل: | Colección grandes aventuras, 13
|
| الموضوعات: | |
| الوسوم: |
إضافة وسم
لا توجد وسوم, كن أول من يضع وسما على هذه التسجيلة!
|
MARC
| LEADER | 00000nam a2200000 a 4500 | ||
|---|---|---|---|
| 001 | UCW5445 | ||
| 003 | CL-VaPUC | ||
| 008 | 910423e19840000CK |||||||||||||||||spa|d | ||
| 082 | 0 | 4 | |a 853 |b SAL |2 21 |
| 100 | 0 | |a Salgari, Emilio |e author |9 310437 | |
| 245 | 1 | 3 | |a El corsario negro |
| 300 | |a 325 p | ||
| 942 | |c BK | ||
| 945 | |d 19910423 00:00:00 | ||
| 260 | |a Bogotá |b Oveja Negra |c 1984 | ||
| 650 | 0 | |a Novela italiana |9 265740 | |
| 583 | |a last modification |c 19910423 00:00:00 |k Rodrigo Vera | ||
| 490 | 0 | |a Colección grandes aventuras, 13 | |
| 999 | |c 218885 |d 218883 | ||
| 952 | |0 0 |1 0 |4 0 |6 853_000000000000000_SAL_1984 |7 0 |8 A |9 209185 |a BIBEDU |b BIBEDU |d 2019-11-15 |i 2769743 |o 853 SAL 1984 |p 2769743 |r 2019-11-15 |w 2019-11-15 |y BK |k EDU | ||